1557 1141 1418 1219 1974 1969 1261 1316 1105 1456 1713 1113 1731 1262 1709 1126 1267 1888 1428 1537 1478 1545 1064 1015 1605 1582 1249 1292 1385 1483 1957 1358 1877 1910 1352 1706 1952 1568 1113 1186 1056 1036 1463 1284 1884 1942 1377 1064 1546 1559 1420 1729 1516 1388 1881 1347 1342 1242 1714 1653 1294 1437 1896 1925 1476 1341 1748 1268 1366 1893 1230 1183 1625 1377 1952 1936 1626 1916 1875 1965 1323 1246 1374 1334 1169 1987 1468 1973 1595 1431 1380 1792 1740 1528 1548 1966 1798 1942 1725 BCNSPRNW ULIB Ver.6.0+V

เปลี่ยนเป็นภาษาไทย

Change to English
 แสดงรายละเอียดบรรณานุกรม
  กลับหน้าหลัก

Brief Record : Get Marc (ISO 2709) : E-mail record : QR code < ปิดหน้าต่าง
LEADER : 00000nam 2200000uu 4500
001    13399128487
003     ULIB
008    230830s2565||||th 000 0 tha d
020    ^a9786164077263
050  4 ^aZ695.24^bส283พ
100 0  ^aสมศักดิ์ ศรีบริสุทธิ์สกุล
245 10 ^aพื้นฐานการจัดระบบคอลเล็กชันดิจิทัลสำหรับงานห้องสมุดและจดหมายเหตุ =^bFundamentals of organizing digital collections forlibrary and archival work /^cสมศักดิ์ ศรีบริสุทธิ์สกุล
246 31 ^aFundamentals of organizing digital collections for libraryand archival work
250    ^aพิมพ์ครั้งที่ 1
260    ^aกรุงเทพฯ :^bโครงการเผยแพร่ผลงานวิชาการ คณะอักษรศาสตร์จุฬาลงกรณ์มหาวิทยาลัย,^c2565
300    ^aก-ฉ, 150 หน้า :^bภาพประกอบ ;^c26 ซม.
490 1  ^aโครงการเผยแพร่ผลงานวิชาการ คณะอักษรศาสตร์ จุฬาลงกรณ์มหาวิทยาลัย ;^vลำดับที่ 195
504    ^aมีบรรณานุกรม
505 0  ^aบทนำ : สารสนเทศดิจิทัลและผู้ใช้สารสนเทศ ;องค์ประกอบของคอลเล็กชันดิจิทัล ; บริการสำหรับคอลเล็กชันดิจิทัล ;การจัดระบบสารสนเทศ -- การบรรยายข้อมูลในระเบียนเมทาเดทา :ลักษณะของการบรรยายข้อมูลในระเบียบเมทาเดทา ;กระบวนการบรรยายข้อมูลในระเบียนเมทาเดทา ;ชนิดของเมทาเดทาเพื่อการจัดระบบคอลเล็กชันดิจิทัล ;มาตรฐานเมทาเดทาสำหรับงานห้องสมุดและจดหมายเหตุ ;ข้อควรพิจารณาในการเลือกใช้มาตรฐานเมทาเดทา --การควบคุมความถูกต้องของจุดเข้าถึงในระเบียนเมทาเดทา :แนวคิด้านการเข้าถึงสารสนเทศ ; ความสัมพันธ์ระหว่างระเบียนเมทาเดทา ;การควบคุมหลักฐาน ; เครื่องมือช่วยควบคุมความถูกต้องของจุดเข้าถึง --วิธีการจัดระบบความรู้สำหรับคอลเล็กชันดิจิทัล :แนวคิดเกี่ยวกับวิธีการจัดระบบความรู้ ;วิธีการจัดระบบความรู้ของนักจัดระบบสารสนเทศ ; ศัพท์ควบคุม ;เครื่องมือช่วยตัดสินใจในการกำหนดหัวเรื่อง ; การจัดหมวดหมู่สารสนเทศ ;เครื่องมือช่วยตัดสินใจในการกำหนดเลขหมู่ ; ตัวระบุถาวร --อนาคตของการจัดระบบคอลเล็กชันดิจิทัล : บริการเพื่อการเข้าถึงสารสนเทศ ;การบรรยายข้อมูลเมทาเดทาโดยนักวิชาชีพ ; เมทาเดทาเชิงสังคม ;ข้อมูลเชื่อมโยงกับคอลเล็กชันดิจิทัล
650  4 ^aทรัพยากรสารสนเทศอิเล็กทรอนิกส์
650  4 ^aการลงรายการทรัพยากรสารสนเทศอิเล็กทรอนิกส์
650  4 ^aการลงรายการทางบรรณานุกรม
650  4 ^aการจัดการรายการบรรณานุกรม
650  4 ^aการลงรายการวัสดุจดหมายเหตุ
650  4 ^aเมตาเดตา
710 2  ^aจุฬาลงกรณ์มหาวิทยาลัย.^bคณะอักษรศาสตร์.^bภาควิชาบรรณารักษศาสตร์
945    ^p260^l0^i010235
999    ^aประนอม เกษจรัล
รายการนี้ยังไม่มีแท็ก
คุณยังไม่ได้ล็อกอิน คุณสามารถมีกิจกรรมร่วมกับเว็บไซต์ได้ แต่ต้องล็อกอินก่อน ::
  ล็อกอิน

รายการสื่อสารสนเทศ

ลำดับที่ ประเภท เลขเรียก/บาร์โค้ด สถานที่ สถานะ
1. การศึกษาทั่วไป
หนังสือสำรอง
สถานะ=หนังสือสำรอง
Z695.24 ส283พ ฉ.1 
  Barcode: 010235
ห้องสมุดวิทยาเขตสวรรค์ประชารักษ์
►หนังสือทั่วไป
บนชั้น

BibComment


ยังไม่เคยถูกคอมเมนท์

คอมเมนท์ทรัพยากรรายการนี้
  คอมเมนท์: พื้นฐานการจัดระบ..


 Copyright 2026. Bcnsprnw @Library